Synthetic biology, from parts to modules to therapeutic systems
En el siguiente video el profesor Ron Weiss describe cm̤o lleg ̤a ser un bil̤ogo sintťico, seguido de una descripcin̤ general del campo. Cubre las tecnologa̕s bs̀icas para la escalabilidad y la terapǔtica.
Bewaard in:
| Andere auteurs: | , |
|---|---|
| Formaat: | Boek |
| Taal: | Engels |
| Onderwerpen: | |
| Online toegang: | Synthetic biology, from parts to modules to therapeutic systems |
| Tags: |
Voeg label toe
Geen labels, Wees de eerste die dit record labelt!
|
MARC
| LEADER | 00000nam a22000004a 4500 | ||
|---|---|---|---|
| 001 | vpro9508 | ||
| 005 | 20201223000000.0 | ||
| 008 | 160127s2016 ck # g## #001 0#eng#d | ||
| 020 | |||
| 022 | |||
| 040 | |a CO-BoINGC | ||
| 041 | 0 | |a eng | |
| 245 | 1 | 0 | |a Synthetic biology, from parts to modules to therapeutic systems |
| 246 | |a Biologa̕ sintťica: partes para md̤ulos a sistemas terapǔticos | ||
| 264 | |a Bogot ̀(Colombia) : |b Revista VirtualPRO, |c 2016 | ||
| 520 | 3 | |a En el siguiente video el profesor Ron Weiss describe cm̤o lleg ̤a ser un bil̤ogo sintťico, seguido de una descripcin̤ general del campo. Cubre las tecnologa̕s bs̀icas para la escalabilidad y la terapǔtica. | |
| 650 | \ | \ | |a Ciencias biolg̤icas |
| 650 | \ | \ | |a Biotecnologa̕ |
| 650 | \ | \ | |a Tecnologa̕ |
| 650 | \ | \ | |a Life Sciences |
| 650 | \ | \ | |a Biotechnology |
| 650 | \ | \ | |a Technology |
| 650 | \ | \ | |a ciencias biolg̤icas |
| 650 | \ | \ | |a biologa̕ sintťica |
| 650 | \ | \ | |a life sciences |
| 650 | \ | \ | |a synthetic biology |
| 700 | \ | \ | |a Weiss Ron |
| 700 | \ | \ | |a Canal MIT OpenCourseWare / YouTube. |
| 856 | |z Synthetic biology, from parts to modules to therapeutic systems |u https://virtualpro.unach.elogim.com/biblioteca/biologia-sintetica-partes-para-modulos-a-sistemas-terapeuticos | ||